000 00724nam a22002297a 4500
999 _c1749
_d1749
003 AR-CdUCM
008 190227b ||||| |||| 00| 0 spa d
040 _aMUNICIPALIDAD PROVINCIAL DEL CUSCO
_cBIBLIOTECA MUNICIPAL DEL CUSCO
041 _hale
082 _a335.09 /
_bB86
100 _aBuber, Martin
_96428
245 _aCaminos de Utopía /
260 _aMexico :
_bFCE ,
_c1955
300 _a203 páginas ;
_c17 cm.
440 _aBreviarios del Fondo de Cultura Económica
_n104
_96429
505 _aEl concepto -- El asunto -- Los primeros -- Proudhon -- Kropotkin...
650 _aMarx.
_94291
650 _aLenin.
_92073
650 _aRevolución social.
_96430
942 _2ddc
_cLIBROS
945 _awfj
_d2019-02-27